Регионална библиотека "Любен Каравелов" - Русе

Жан Д'Агрев (Запис номер 426439)

MARC детайли
000 -Лидер
Контролно поле с фиксирана дължина nam a22 a 4500
003 - Код на организацията, давaща контролен номер
Контролно поле BLK
005 - Дата и час на последна редакция
Контролно поле 20230419151702.0
008 - Елементи от данни с фиксирана дължина
fixed length control field 210803b bu |||||r|||| 00| | bu d
040 ## - Източник на каталожния запис
Идентификатор на билиотеката - собственик на записа BLK
041 ## - Код за език
Код за езика на текст/звукозапис или на отделно заглавие Български
Код за езика КДБФ Български
080 ## - УДК
Текстов определител УДК Френска литература
УДК код - определител по УДК 821.133.1
УДК определител -32
УДК - код + определител 821.133.1-32
100 ## - Редна дума - Автор
R(LIN) 1299
Автор Вогюе, Йожен Мелкиор дьо
Авторска отговорност първи автор
139 ## - Редно поле
Редна дума Вогюе, Йожен Мелкиор дьо
245 ## - Сведения за заглавието
Заглавие Жан Д'Агрев
Подзаглавни данни Прев. от фр. Васил Д. Юруков
Редно поле (дума) виконт Мелхиор де Вогюе
260 ## - Област на издателските данни
9 (RLIN) 460264
Място на издаване, разпространение и проч. София
Име на издателя, разпространителя и проч. Георги Д. Юруков
Година на издаване 1922
300 ## - Физическа характеристика
Страници 154 с.
Размери/Мащаб 20 см
380 ## - Жанр
Жанр Худож. лит.
490 ## - СЕРИИ (Колекции)
9 (RLIN) 201915
Име на серия Библиотека Мозайка от знаменити съвременни романи
№: серия Г. XIII, кн. 10 септ.
700 ## - Други автори (авторска отговорност)
Лично име Юруков, Васил Данаилов
9 (RLIN) 261098
852 ## - Местоположение
Форматна сигнатура Цб 8.205.1840
Фондова буква Хранилище
999 ## - СИСТЕМНИ КОНТРОЛНИ НОМЕРА
Koha biblionumber 426439
Koha biblioitemnumber 426439
942 ## - АРТИКУЛИ
Вид на библиотечния материал Книги
Скрит в OPAC Не
Периодичен библиозапис Да
944 ## - СЪЗДАВАНЕ И РЕДАКЦИЯ на ЗАПИСА
Създаване/Редакция Създаване
Дата на регистрацията/редакция 2021-08-03
Служител, извършил регистрацията/редакцията А.М.
999 ## - СИСТЕМНИ КОНТРОЛНИ НОМЕРА
Koha biblioitemnumber 426439
Наличности
Код за отписване Код за изгубен артикул Източник на класификационната схема Код за повреда Коз за рестрикции Код за отдаване Артикулен № Име на библиотеката - собственик Име на библиотеката, в която се намира в момента Статус (Текущо местоположение) Дата на вписване в системата Местоположение - отдел Цена в лева Инвентарен номер Систематично азбучна сигнатура Баркод Цена в евро Служебен тип на артикула
  Не е изгубен Universal Decimal Classification Не е повреден само за читалня ползва се в читалня 846433 Регионална библиотека "Любен Каравелов" Русе Регионална библиотека "Любен Каравелов" Русе Хранилище 2021-08-04 Основен фонд - ползва се само за читалня 0.12 1840 Цб 8.205.1840 900000071949 0.06 Книги
Vip Innovations Ltd, Rousse, Bulgaria 2025